Responses for show #933 - Wednesday, September 28, 1988

Contestants

Maureen Dever, a legal secretary and student from Baltimore, Maryland

Len Iwanski, a journalist from Helena, Montana

Doak Fairey, a computer consultant from Myrtle Beach, South Carolina (whose 1-day cash winnings total $20,900)

Jeopardy! Round responses

FRANCE
THE 1930s
ANAGRAMS
SINGERS
KNITTING
TRIVIAL WORLD RECORDS
    $500 7
Arc de Triomphe

Maureen
    $100 14
Hitler

Doak
    $100 23
(Len: What is air mail?)

mail

LenMaureen
    $100 3
Whitney Houston

Doak
    $100 12
knit one & purl two

Maureen
    $100 1
his breath

Maureen
    $200 8
Dijon

Doak
    $200 15
blood bank

Doak
    $200 24
pans

Doak
    $200 19
Donna Summer

Triple Stumper
    $200 13
needle

Len
    $200 2
Hershey's

Maureen
    $300 9
Versailles

Doak
    $300 16
Edward VIII (Duke of Windsor)

Maureen
    $300 25
bleat

Doak
    $300 20
Kenny Loggins

Doak
    $300 4
(Maureen: What is a grapefruit?)

lemon

DoakMaureen
    $400 10
stained glass windows

Maureen
    $400 17
(Doak: What is [*]?)
(Alex: To?)
(Doak: [*])

change its name to Istanbul

Doak
    $400 26
torte

Triple Stumper
    $400 21
Perry Como

Len
    $400 5
Lucille Ball

Doak
    $500 11
(Maureen: What is Nice?)
(Doak: What is Cannes?)

St. Tropez

DoakMaureen
Triple Stumper
    $500 18
Al Capone

Len
    $500 27
luge

Doak
    $500 22
David Lee Roth

Doak
    $500 6
Amsterdam

Maureen

Scores at the first commercial break (after clue 11):

Doak Len Maureen
$800 $0 $900

Scores at the end of the Jeopardy! Round:

Doak Len Maureen
$3,300 $1,000 $1,400

Double Jeopardy! Round responses

FAMOUS NAMES
ACTORS & ROLES
THE BIBLE
U.S. STATES
THE TELEPHONE
NUMBER, PLEASE
    $200 6
Pocahontas

Len
    $200 11
Art Carney

Doak
    $200 25
(Doak: Who is David?)

Joshua

DoakLen
    $200 1
Later

Doak
    $200 16
(Len: What is 900?)

976

Len
Triple Stumper
    $200 21
32

Doak
    $400 7
(Len: What is Tudor?)

Windsor

DoakLen
    $400 12
John Hillerman

Doak
    $400 26
Passover

Maureen
    $400 2
Pennsylvania

Len
    $400 17
conference calls

Doak
    $400 22
7

Maureen
    $600 8
Sukarno

Len
    $600 13
Boris & Natasha

Maureen
    $600 27
Moses

Doak
    $600 3
(Doak: What are Arizona & New Mexico?)

California & Arizona

Doak
Triple Stumper
    $600 18
Saturday

Maureen
    $600 23
31

Doak
    $800 9
Julius & Ethel (Rosenberg)

Len
    $800 14
Perry Mason

Len
    $2,500 29
raven & dove

Len
    $800 4
Georgia

Maureen
    $1,500 19
Pentagon

Maureen
    $800 24
15

Len
    $1000 10
Juliette Gordon Low

Doak
    $1000 15
Sidney Poitier

Doak
    $1000 30
(Maureen: Who is St. Stephen?)

Paul

Maureen
Triple Stumper
    $1000 5
New Hampshire

Len
    $1000 20
wide area

Doak
    $1000 28
(Maureen: What is 71?)

81

LenMaureen

Scores at the end of the Double Jeopardy! Round:

Doak Len Maureen
$8,500 $8,700 $3,700

[wagering suggestions for these scores]

Final Jeopardy! Round responses

MONARCHS
MaureenWhat is Ethiopia?
$3,700
DoakWhat is Monaco?
$1,600
LenWhat is Thailand?
$8,600
Japan

Final scores:

Doak Len Maureen
$6,900 $100 $0
2-day champion: $27,800 2nd place: vacation at Ingleside Inn in Palm Springs & Ricoh FF-90 Super camera 3rd place: Giassi luggage

Game dynamics:

Coryat scores:

Doak Len Maureen
$8,500 $7,000 $2,600
24 R,
3 W
13 R
(including 1 DD),
3 W
14 R
(including 2 DDs),
4 W

Combined Coryat: $18,100

The J! Archive is created by fans, for fans. The Jeopardy! game show and all elements thereof, including but not limited to copyright and trademark thereto, are the property of Jeopardy Productions, Inc. and are protected under law. This website is not affiliated with, sponsored by, or operated by Jeopardy Productions, Inc. Join the discussion at JBoard.tv.